Aprendiendo con tecnología

Saved in:
Bibliografiske detaljer
Hovedforfatter: Dede, Chris (Author)
Format: Bog
Sprog:spansk
Udgivet: Buenos Aires Paidós 2000
Udgivelse:1a. ed
Serier:Colección Redes en Educación, 5
Fag:
Tags: Tilføj Tag
Ingen Tags, Vær først til at tagge denne postø!

MARC

LEADER 00000cam a2200000 a 4500
001 UCM2483
003 CL-VaPUC
008 020607e20000000AG |||||||||||||||||spa|d
020 |a 9501255050 
082 0 4 |a 371.33  |b DED  |2 21 
100 0 |a Dede, Chris  |e author  |9 469242 
245 1 0 |a Aprendiendo con tecnología 
250 |a 1a. ed 
300 |a 285 p 
942 |c BK 
945 |d 20020607 00:00:00  |a vberengu 
260 |a Buenos Aires  |b Paidós  |c 2000 
650 0 |a Tecnología educacional  |9 307265 
650 0 |a Educación especial  |9 307486 
650 0 |a Innovaciones pedagógicas  |9 307471 
650 0 |a Internet   |9 254823 
583 |a last modification  |c 20170223 01:15:59  |k Rodrigo Vera 
490 0 |a Colección Redes en Educación, 5 
999 |c 300323  |d 300321 
952 |0 0  |1 0  |4 0  |6 371_330000000000000_DED_2000  |7 0  |8 A  |9 357937  |a FDOPOS  |b FDOPOS  |d 2019-11-21  |i 3814068  |o 371.33 DED 2000  |p 3814068  |r 2025-01-22  |w 2019-11-21  |y BK  |k MLA 
952 |0 0  |1 0  |3 erb  |4 0  |6 371_330000000000000_DED_2000  |7 0  |8 A  |9 357938  |a BIBENE  |b BIBENE  |i 5327598  |o 371.33 DED 2000  |p 5327598  |r 2025-01-15  |w 2019-11-21  |y BK  |z Catalogado en:20170226  |k ICO